000 00538nam a2200193Ia 4500
999 _c33005
_d33005
003 OSt
005 20200903121327.0
008 190216s9999||||xx |||||||||||||| ||und||
020 _a8185095736
040 _coclc
082 _a539
_bMAN/I
100 _aMani, H S
_94403
245 0 _aIntroduction To Modern Physics /
_cH S Mani ; G K Mehta
250 _a2nd Ed.
260 _bAffiliated East West Press,
_c1990.
_aNew Delhi:
300 _a443p
650 _aPhysics
942 _cBK
_2ddc
_h539
_iMAN/I
_k539
_mMAN/I